Normal view
MARC view
- Mitchell, James K
Entry Personal Name
001 - CONTROL NUMBER
- control field: 17
003 - CONTROL NUMBER IDENTIFIER
- control field: OSt
005 - DATE AND TIME OF LATEST TRANSACTION
- control field: 20140215114809.0
008 - FIXED-LENGTH DATA ELEMENTS
- fixed length control field: 140215|| aca||aabn | a|a d
040 ## - CATALOGING SOURCE
- Original cataloging agency: OSt
- Transcribing agency: OSt
100 ## - HEADING--PERSONAL NAME
- Personal name: Mitchell, James K
670 ## - SOURCE DATA FOUND
- Source citation: Work cat.: (OSt): Mitchell, James K, Fundamentals of soil behaviour, 2013
